Statistics for Word Scramble - U.S. States

Click here to take the quiz!

General Stats

  • This quiz has been taken 394,510 times
  • The average score is 16 of 20

Answer Stats

State% Correct
Ohio
94%
Mississippi
93%
Texas
93%
Iowa
92%
Utah
92%
Alabama
91%
Alaska
90%
Hawaii
90%
Idaho
90%
Kansas
89%
Arkansas
88%
Illinois
88%
Kentucky
87%
Tennessee
87%
Arizona
85%
Massachusetts
85%
Wisconsin
85%
Wyoming
85%
Nevada
84%
Pennsylvania
84%
Oklahoma
83%
Georgia
82%
Maine
82%
Colorado
81%
Connecticut
81%
Montana
81%
Florida
80%
Oregon
80%
Virginia
80%
Indiana
79%
Missouri
79%
Michigan
77%
Vermont
77%
California
74%
Washington
74%
Nebraska
71%
Delaware
69%
Maryland
68%
Louisiana
65%
Minnesota
61%

Score Distribution

Percentile by Number Answered

Percent of People with Each Score

Your Score History

You have not taken this quiz